<?xml version="1.0" encoding="UTF-8"?>
<record
    xmlns:xsi="http://www.w3.org/2001/XMLSchema-instance"
    xsi:schemaLocation="http://www.loc.gov/MARC21/slim http://www.loc.gov/standards/marcxml/schema/MARC21slim.xsd"
    xmlns="http://www.loc.gov/MARC21/slim">

  <leader>00530nam a22001337a 4500</leader>
  <datafield tag="040" ind1=" " ind2=" ">
    <subfield code="c">RUA</subfield>
  </datafield>
  <datafield tag="082" ind1=" " ind2=" ">
    <subfield code="a">FOR MEA 2005 B132 Or.1</subfield>
  </datafield>
  <datafield tag="100" ind1=" " ind2=" ">
    <subfield code="a">MEAN, VEASNA</subfield>
  </datafield>
  <datafield tag="245" ind1=" " ind2=" ">
    <subfield code="a">The process and procedure of forest offence resolution, &#x178A;&#x17C6;&#x178E;&#x17BE;&#x179A;&#x1780;&#x17B6;&#x179A; &#x1793;&#x17B7;&#x1784;&#x1793;&#x17B8;&#x178F;&#x17B7;&#x179C;&#x17B7;&#x1792;&#x17B8;&#x178A;&#x17C4;&#x17C7;&#x179F;&#x17D2;&#x179A;&#x17B6;&#x1799;&#x1794;&#x1791;&#x179B;&#x17D2;&#x1798;&#x17BE;&#x179F;&#x1796;&#x17D2;&#x179A;&#x17C3;&#x1788;&#x17BE;</subfield>
  </datafield>
  <datafield tag="260" ind1=" " ind2=" ">
    <subfield code="a">Phnom Penh</subfield>
    <subfield code="b">RUA</subfield>
    <subfield code="c">2005</subfield>
  </datafield>
  <datafield tag="300" ind1=" " ind2=" ">
    <subfield code="a">ix; 65p.</subfield>
    <subfield code="b">ill.</subfield>
    <subfield code="c">29cm.</subfield>
  </datafield>
  <datafield tag="856" ind1=" " ind2=" ">
    <subfield code="u">https://drive.google.com/file/d/1tUXBm6ho-6sNywJt7cxjO-SLHU0UJlhx/view?usp=sharing</subfield>
  </datafield>
  <datafield tag="942" ind1=" " ind2=" ">
    <subfield code="c">FOR</subfield>
  </datafield>
  <datafield tag="999" ind1=" " ind2=" ">
    <subfield code="c">3372</subfield>
    <subfield code="d">3372</subfield>
  </datafield>
  <datafield tag="952" ind1=" " ind2=" ">
    <subfield code="0">0</subfield>
    <subfield code="1">0</subfield>
    <subfield code="2">ddc</subfield>
    <subfield code="4">0</subfield>
    <subfield code="6">FOR_MEA_2005_000000000000000_B132_OR_1</subfield>
    <subfield code="7">0</subfield>
    <subfield code="9">15841</subfield>
    <subfield code="a">LBB</subfield>
    <subfield code="b">LBB</subfield>
    <subfield code="c">B132</subfield>
    <subfield code="d">2015-11-12</subfield>
    <subfield code="o">FOR MEA 2005 B132 Or.1</subfield>
    <subfield code="p">RUA028952</subfield>
    <subfield code="r">2015-11-12</subfield>
    <subfield code="w">2015-11-12</subfield>
    <subfield code="y">FOR</subfield>
  </datafield>
  <datafield tag="952" ind1=" " ind2=" ">
    <subfield code="0">0</subfield>
    <subfield code="1">0</subfield>
    <subfield code="2">ddc</subfield>
    <subfield code="4">0</subfield>
    <subfield code="6">FOR_MEA_2005_000000000000000_B132_OR_2</subfield>
    <subfield code="7">0</subfield>
    <subfield code="9">15842</subfield>
    <subfield code="a">LBB</subfield>
    <subfield code="b">LBB</subfield>
    <subfield code="c">B132</subfield>
    <subfield code="d">2015-11-12</subfield>
    <subfield code="o">FOR MEA 2005 B132 Or.2</subfield>
    <subfield code="p">RUA028702</subfield>
    <subfield code="r">2015-11-12</subfield>
    <subfield code="w">2015-11-12</subfield>
    <subfield code="y">FOR</subfield>
  </datafield>
  <datafield tag="952" ind1=" " ind2=" ">
    <subfield code="0">0</subfield>
    <subfield code="1">0</subfield>
    <subfield code="2">ddc</subfield>
    <subfield code="4">0</subfield>
    <subfield code="6">FOR_MEA_2005_000000000000000_B132_OR_3</subfield>
    <subfield code="7">0</subfield>
    <subfield code="9">15843</subfield>
    <subfield code="a">LBB</subfield>
    <subfield code="b">LBB</subfield>
    <subfield code="c">B132</subfield>
    <subfield code="d">2015-11-12</subfield>
    <subfield code="o">FOR MEA 2005 B132 Or.3</subfield>
    <subfield code="p">RUA028880</subfield>
    <subfield code="r">2015-11-12</subfield>
    <subfield code="w">2015-11-12</subfield>
    <subfield code="y">FOR</subfield>
  </datafield>
  <datafield tag="952" ind1=" " ind2=" ">
    <subfield code="0">0</subfield>
    <subfield code="1">0</subfield>
    <subfield code="2">ddc</subfield>
    <subfield code="4">0</subfield>
    <subfield code="6">FOR_MEA_2005_000000000000000_B132_OR_4</subfield>
    <subfield code="7">0</subfield>
    <subfield code="9">15844</subfield>
    <subfield code="a">LBB</subfield>
    <subfield code="b">LBB</subfield>
    <subfield code="c">B132</subfield>
    <subfield code="d">2015-11-12</subfield>
    <subfield code="o">FOR MEA 2005 B132 Or.4</subfield>
    <subfield code="p">RUA028808</subfield>
    <subfield code="r">2015-11-12</subfield>
    <subfield code="w">2015-11-12</subfield>
    <subfield code="y">FOR</subfield>
  </datafield>
  <datafield tag="952" ind1=" " ind2=" ">
    <subfield code="0">0</subfield>
    <subfield code="1">0</subfield>
    <subfield code="2">ddc</subfield>
    <subfield code="4">0</subfield>
    <subfield code="6">FOR_MEA_2005_000000000000000_B132_OR_5</subfield>
    <subfield code="7">0</subfield>
    <subfield code="9">15845</subfield>
    <subfield code="a">LBB</subfield>
    <subfield code="b">LBB</subfield>
    <subfield code="c">B132</subfield>
    <subfield code="d">2015-11-12</subfield>
    <subfield code="o">FOR MEA 2005 B132 Or.5</subfield>
    <subfield code="p">RUA028395</subfield>
    <subfield code="r">2015-11-12</subfield>
    <subfield code="w">2015-11-12</subfield>
    <subfield code="y">FOR</subfield>
  </datafield>
</record>
